000 00293nam a22001337a 4500
008 170505b xxu||||| |||| 00| 0 eng d
020 _a9780495390893
041 _aeng
080 _210TH
_a343.9
100 _a15
101 _aSHJ
245 _aCRIMINAL LAW
_cGARDNER, TH.J
942 _2udc
_cBK
999 _c12750
_d12750